Statistics for Geography by Picture - Q

Click here to take the quiz!

General Stats

  • This quiz has been taken 89 times
  • The average score is 7 of 15

Answer Stats

Answer% Correct
Qatar
100%
Queensland
92%
Quartz
82%
Quebec
79%
Qantas
76%
Quakers
46%
Quito
46%
Qom
41%
Qingdao
40%
Quantico
39%
Quagmire
29%
Quimper
27%
Qinghai
16%
Queenstown
15%
{Quirinal} Palace
15%

Score Distribution

Percentile by Number Answered

Percent of People with Each Score

Your Score History

You have not taken this quiz